LAW OF EVIDENCE (Record no. 19760)

MARC details
000 -LEADER
fixed length control field 00312nam a22001457a 4500
003 - CONTROL NUMBER IDENTIFIER
control field SGT
020 ## - INTERNATIONAL STANDARD BOOK NUMBER
International Standard Book Number 9788193555644
082 ## - DEWEY DECIMAL CLASSIFICATION NUMBER
Classification number 345.06
Item number JAI
100 ## - MAIN ENTRY--PERSONAL NAME
Personal name JAIN ASHOK K
245 ## - TITLE STATEMENT
Title LAW OF EVIDENCE
250 ## - EDITION STATEMENT
Edition statement 6
260 ## - PUBLICATION, DISTRIBUTION, ETC. (IMPRINT)
Place of publication, distribution, etc DELHI
Name of publisher, distributor, etc ASCENT PUBLICATION
Year of Publication 2020
300 ## - PAGE DESCRIPTION
No. of Pages XXIV , 344
942 ## - ADDED ENTRY ELEMENTS (KOHA)
Source of classification or shelving scheme Dewey Decimal Classification
Koha item type Books
942 ## - ADDED ENTRY ELEMENTS (KOHA)
-- 17
Holdings
Withdrawn status Lost status Source of classification or shelving scheme Damaged status Not for loan Collection code Home library Current library Shelving location Date acquired Vendor Name Cost, normal purchase price SGTU Bill Number Full call number Accession No. (Barcode) Date last seen Bill Date Koha item type Total Checkouts Date last borrowed Checked out
    Dewey Decimal Classification   Not For Loan LAW SGT Science & Social Sciences Library SGT Science & Social Sciences Library Reference Book 13/02/2020 COMMERCIAL BOOK HOUSE 250.00 SGTU 2559 345.06 JAI FL2356 18/01/2024 13/02/2020 Books      
    Dewey Decimal Classification     LAW SGT Science & Social Sciences Library SGT Science & Social Sciences Library Text Book 13/02/2020 COMMERCIAL BOOK HOUSE 250.00 SGTU 2559 345.06 JAI FL2357 04/06/2024 13/02/2020 Books 6 20/05/2024  
    Dewey Decimal Classification     LAW SGT Science & Social Sciences Library SGT Science & Social Sciences Library Text Book 13/02/2020 COMMERCIAL BOOK HOUSE 250.00 SGTU 2559 345.06 JAI FL2358 23/12/2020 13/02/2020 Books 1 23/12/2020 19/01/2021
    Dewey Decimal Classification     LAW SGT Science & Social Sciences Library SGT Science & Social Sciences Library Text Book 13/02/2020 COMMERCIAL BOOK HOUSE 250.00 SGTU 2559 345.06 JAI FL2359 12/06/2024 13/02/2020 Books 10 20/05/2024  
    Dewey Decimal Classification     LAW SGT Science & Social Sciences Library SGT Science & Social Sciences Library Text Book 13/02/2020 COMMERCIAL BOOK HOUSE 250.00 SGTU 2559 345.06 JAI FL2360 19/06/2025 13/02/2020 Books 11 10/06/2025